Glamour magazines Sexiest men 2010 - Statistics

General Stats
  • This quiz has been taken 188 times
  • The average score is 13 of 50
Answer Stats
Hint Answer % Correct
33 Brad Pitt
86%
35 George Clooney
80%
6 Johnny depp
63%
13 Ryan Reynolds
59%
16 Ryan Gosling
57%
10 Channing Tatum
54%
21 David Beckham
53%
1 Robert Pattinson
51%
20 Bradley Cooper
47%
2 Taylor Lautner
44%
26 Will Smith
44%
7 Justin Bieber
40%
11 Orlando Bloom
38%
27 Robert Downey Jr
37%
34 Daniel Craig
35%
18 Ashton Kutcher
29%
24 Matthew McConaughey
29%
32 Tom Hardy
23%
8 Gerard Butler
22%
14 Justin Timerlake
22%
12 Chace Crawford
20%
15 Cristiano Ronaldo
20%
38 Usher
20%
39 Aaron Johnson
19%
3 Ian Somerhalder
19%
30 Penn Badgley
19%
17 Ed Westwick
17%
46 Alexander Skarsgard
16%
47 Paul Walker
16%
48 Paul Wesley
15%
22 The Jonas Brothers
14%
50 Ewan McGregor
13%
19 Jake Gyllenhaal
13%
42 Matthew Morrison
13%
36 Peter Andre
13%
37 Russell brand
13%
40 Clive Owen
11%
31 Cory Monteith
11%
5 Kellan Lutz
11%
43 Jackson Rathbone
9%
49 Lee Pace
8%
25 Mark Salling
8%
28 Sam Worthington
8%
9 Hayden Christensen
7%
45 Milo Ventimiglia
7%
41 Adrian Grenier
6%
44 Kings Of leon
6%
23 Luke Pasqualino
5%
29 Timothy Olyphant
5%
4 Xavier Samulels
0%
No matching quizzes found
Score Distribution
Percent of People with Each Score
Percentile by Number Answered
Your Score History
You have not taken this quiz